[Event "14. Bayer Open"]
[Site "Leverkusen"]
[Date "2016.02.29"]
[Round "5.10"]
[White "Baier, Uwe"]
[Black "Ljuboschiz, Alexander"]
[Result "0-1"]
[WhiteElo "1686"]
[BlackElo "2040"]
[PlyCount "76"]
[EventDate "2016.??.??"]
[WhiteTeam "SF Schlebusch"]
[BlackTeam "SC Tornado Hochneukirch"]

1. e4 e5 2. Nf3 Nc6 3. d4 exd4 4. Bc4 Nf6 5. Qe2 d6 6. h3 Be7 7. O-O O-O 8. c3
Ne5 9. Bb3 Nxf3+ 10. Qxf3 dxc3 11. Nxc3 Be6 12. Bc2 c6 13. Bf4 Qa5 14. Rfe1 Qh5
15. Qd3 Rad8 16. Rad1 Nd7 17. Qe3 Qc5 18. Qe2 Ne5 19. Be3 Qc4 20. Qh5 g6 21.
Qh6 Bf6 22. f4 Bg7 23. Qh4 Nd7 24. Bd3 Qb4 25. Qf2 f5 26. a3 Qa5 27. exf5 Bxf5
28. Bc4+ Kh8 29. g4 d5 30. Nxd5 Be6 31. b4 Qxa3 32. Rd3 Qa4 33. Nc3 Qxb4 34.
Bxe6 Ne5 35. Rxd8 Rxd8 36. fxe5 Qxc3 37. Bg5 Rf8 38. Qh2 Qxe1+ 0-1

[Event "14. Bayer Open"]
[Site "Leverkusen"]
[Date "2016.02.29"]
[Round "5.11"]
[White "Schulte-Lentz, Christian"]
[Black "Weber, Olaf"]
[Result "1-0"]
[WhiteElo "2105"]
[BlackElo "1863"]
[PlyCount "73"]
[EventDate "2016.??.??"]
[WhiteTeam "Langenfelder SF"]
[BlackTeam "SF Lohmar"]

1. d4 Nf6 2. c4 g6 3. Nc3 Bg7 4. e4 d6 5. f3 O-O 6. Be3 c5 7. Nge2 Nc6 8. d5
Ne5 9. Ng3 h5 10. Be2 e6 11. O-O h4 12. Nh1 exd5 13. cxd5 Re8 14. Nf2 a6 15. a4
h3 16. g4 Nh7 17. Qd2 Qh4 18. Kh1 g5 19. Rg1 Ng6 20. Rg3 Nf4 21. Bf1 Qh6 22.
Nd3 Nxd3 23. Rxh3 Qf6 24. Bxd3 Qe5 25. Rh5 f6 26. Kg2 f5 27. Bxg5 fxg4 28. f4
Qd4 29. Ne2 Qxb2 30. Qxb2 Bxb2 31. Rb1 Bg7 32. Rb6 Nxg5 33. Rxg5 Kf7 34. Rxd6
Bf6 35. Rh5 Kg6 36. Ng3 Rd8 37. e5+ 1-0

[Event "14. Bayer Open"]
[Site "Leverkusen"]
[Date "2016.02.29"]
[Round "5.13"]
[White "Reinemer, Frank"]
[Black "Hennig, Edgar Paul"]
[Result "1-0"]
[WhiteElo "2111"]
[BlackElo "1872"]
[PlyCount "68"]
[EventDate "2016.??.??"]
[WhiteTeam "Langenfelder SF"]
[BlackTeam "Satranç Club"]

1. d4 Nf6 2. c4 e6 3. Nc3 Bb4 4. e3 O-O 5. Bd3 d5 6. Nf3 c5 7. a3 Bxc3+ 8. bxc3
Nc6 9. O-O Qc7 10. h3 Re8 11. a4 Na5 12. cxd5 c4 13. d6 Qxd6 14. Bc2 Qd5 15.
Rb1 a6 16. Ne5 b5 17. f3 Rb8 18. e4 Qb7 19. Bf4 Ra8 20. axb5 axb5 21. Ba4 Bd7
22. Nxd7 Nxd7 23. Bxb5 Qa7 24. Ra1 Rec8 25. Rxa5 Qxa5 26. Bxd7 Rd8 27. Bc6 Ra6
28. d5 Rxc6 29. dxc6 Rxd1 30. Rxd1 g5 31. c7 Qc5+ 32. Kh1 gxf4 33. Rd8+ Kg7 34.
c8=Q Qf2 {Zeit.} 1-0

[Event "14. Bayer Open"]
[Site "Leverkusen"]
[Date "2016.02.29"]
[Round "5.15"]
[White "Goßmann, Jochen"]
[Black "Goerke, Joachim"]
[Result "1/2-1/2"]
[WhiteElo "1841"]
[BlackElo "1996"]
[PlyCount "50"]
[EventDate "2016.??.??"]
[WhiteTeam "SG Kalker/Deutzer"]
[BlackTeam "SG Solingen"]

1. e4 e6 2. d4 d5 3. Nc3 dxe4 4. Nxe4 Nf6 5. Nxf6+ Qxf6 6. Nf3 h6 7. Bd3 c5 8.
Be3 Nc6 9. c3 cxd4 10. Nxd4 Bd7 11. Be4 Qe5 12. Qf3 Rc8 13. O-O Bd6 14. g3 Bb8
15. Nxc6 Bxc6 16. Bxc6+ Rxc6 17. Qg4 O-O 18. Bxh6 f5 19. Qg6 Qf6 20. Qxf6 Rxf6
21. Bg5 Rg6 22. h4 e5 23. Rfd1 Bd6 24. Rd5 Re6 25. Re1 g6 1/2-1/2

[Event "14. Bayer Open"]
[Site "Leverkusen"]
[Date "2016.02.29"]
[Round "5.16"]
[White "Blumenthal, Ralf"]
[Black "Krüger, Andre"]
[Result "0-1"]
[WhiteElo "1813"]
[BlackElo "2086"]
[PlyCount "59"]
[EventDate "2016.??.??"]
[WhiteTeam "SK Turm Euskirchen"]
[BlackTeam "SV Mülheim-Nord"]

1. c4 e5 2. Nc3 Nc6 3. g3 f5 4. d3 Nf6 5. Bg2 Bb4 6. Nf3 O-O 7. O-O Bxc3 8.
bxc3 d6 9. Qc2 Rb8 10. Rb1 Bd7 11. Bg5 h6 12. Bxf6 Qxf6 13. Nd2 Nd8 14. f4 exf4
15. Rxf4 Ne6 16. Rff1 b6 17. d4 Qg5 18. Qd3 f4 19. Rf3 Bc6 20. d5 Nc5 21. Qd4
Bd7 22. gxf4 Qg6 23. Rbf1 Rf6 24. e4 Rbf8 25. Rg3 Qf7 26. f5 Re8 27. Re1 Rxf5
28. Bh3 Rf6 29. Bg2 Re7 30. e5 {Restliche Notation unklar.} 0-1

[Event "14. Bayer Open"]
[Site "Leverkusen"]
[Date "2016.02.29"]
[Round "5.17"]
[White "Kaspar, Uwe"]
[Black "Kies, Werner"]
[Result "0-1"]
[WhiteElo "1849"]
[BlackElo "1861"]
[PlyCount "132"]
[EventDate "2016.??.??"]
[WhiteTeam "Düsseldorfer SK"]
[BlackTeam "SC Bayer Leverkusen"]

1. e4 c5 2. d3 Nc6 3. Nf3 g6 4. g3 Bg7 5. Bg2 d6 6. O-O Bg4 7. Nbd2 Qd7 8. Re1
e5 9. a4 h5 10. Nc4 h4 11. h3 Be6 12. Nxh4 O-O-O 13. c3 Nge7 14. Be3 Bxh3 15.
Nxd6+ Qxd6 16. Bxh3+ Kb8 17. Kg2 Rdf8 18. a5 f5 19. Bg5 Rh5 20. Bxe7 Nxe7 21.
exf5 Rfh8 22. Bg4 Rxh4 23. gxh4 gxf5 24. Bh3 Ng6 25. Ra4 Nxh4+ 26. Rxh4 Rxh4
27. Bxf5 Qf6 28. Re4 Qg5+ 29. Rg4 Rxg4+ 30. Bxg4 Bh6 31. Qe2 Qe7 32. Qe4 a6 33.
d4 cxd4 34. cxd4 Bf4 35. Bf3 Qg7+ 36. Kf1 Qc7 37. d5 Qd6 38. Qc4 Bd2 39. Bg4
Bxa5 40. Qc8+ Ka7 41. Qe6 Bc7 42. Ke2 Qc5 43. Kf3 Qd4 44. Bf5 Bb6 45. d6 Qxf2+
46. Kg4 Qxb2 47. d7 Qd4+ 48. Kh5 Bd8 49. Kg6 Qb6 50. Kf7 Qxe6+ 51. Kxe6 Kb6 52.
Kxe5 Kc5 53. Ke4 Kc4 54. Ke3 Bg5+ 55. Ke2 b5 56. Kd1 Kc3 57. Be4 b4 58. Bb7 a5
59. Bd5 b3 60. Bc6 Kb4 61. Be4 a4 62. Bd5 a3 63. d8=Q Bxd8 64. Kc1 Bg5+ 65. Kb1
a2+ 66. Kb2 Bf6+ 0-1

[Event "14. Bayer Open"]
[Site "Leverkusen"]
[Date "2016.02.29"]
[Round "5.18"]
[White "Maric, Boris"]
[Black "Boschek, Hans-Joachim"]
[Result "0-1"]
[WhiteElo "2015"]
[BlackElo "1791"]
[PlyCount "60"]
[EventDate "2016.??.??"]
[WhiteTeam "SV Grünfeld"]
[BlackTeam "SG Solingen"]

1. c4 c5 2. Nc3 Nc6 3. g3 g6 4. Bg2 Bg7 5. e4 d6 6. d3 e5 7. Nge2 Nge7 8. O-O
O-O 9. Be3 Nd4 10. f4 Be6 11. h3 Qd7 12. Kh2 f5 13. Qd2 fxe4 14. Nxe4 Kh8 15.
fxe5 Bxe5 16. Nxd4 cxd4 17. Bf4 Nf5 18. Nc5 dxc5 19. Bxe5+ Kg8 20. Bf4 Rae8 21.
g4 Ne3 22. Bxe3 Rxf1 23. Rxf1 dxe3 24. Qe2 Bf7 25. b3 b5 26. cxb5 Bd5 27. Bxd5+
Qxd5 28. Rf3 Qxf3 29. Qxf3 e2 30. Qd5+ Kh8 0-1

[Event "14. Bayer Open"]
[Site "Leverkusen"]
[Date "2016.02.29"]
[Round "5.19"]
[White "Liebsch, Felix"]
[Black "Brinkmann, Sven"]
[Result "0-1"]
[WhiteElo "1758"]
[BlackElo "2000"]
[PlyCount "96"]
[EventDate "2016.??.??"]
[WhiteTeam "SC Bayer Leverkusen"]
[BlackTeam "SF Köln-Mülheim"]

1. e4 e6 2. d4 d5 3. Nd2 dxe4 4. Nxe4 Nd7 5. Nf3 Be7 6. Bd3 Ngf6 7. Ng3 O-O 8.
O-O b6 9. Re1 Bb7 10. b3 Bb4 11. Bd2 Bxf3 12. gxf3 Bxd2 13. Qxd2 c5 14. Be4 Rc8
15. c4 cxd4 16. Qxd4 Qc7 17. Rad1 Rfd8 18. Qe3 Nc5 19. Qg5 h6 20. Qh4 Rxd1 21.
Rxd1 Rd8 22. Rxd8+ Qxd8 23. Kg2 Qd2 24. Nh5 Nxh5 25. Qxh5 Qxa2 26. Qe5 Nxe4 27.
Qxe4 Qa5 28. Qa8+ Kh7 29. Qe4+ g6 30. Qb7 Kg7 31. Qc7 g5 32. b4 Qxb4 33. Qe5+
Kg6 34. Qe4+ Kf6 35. Qh7 Qc5 36. Qxh6+ Ke7 37. f4 gxf4 38. Qxf4 a5 39. h4 a4
40. Qf3 a3 41. h5 a2 42. Qb7+ Kf6 43. Qf3+ Qf5 44. Qc3+ Qe5 45. Qf3+ Kg7 46.
h6+ Kxh6 47. Qh3+ Kg7 48. Qg4+ Kf8 0-1

[Event "14. Bayer Open"]
[Site "Leverkusen"]
[Date "2016.02.29"]
[Round "5.22"]
[White "Schimpf, Rolf"]
[Black "Henseler, Klaus"]
[Result "0-1"]
[WhiteElo "1702"]
[BlackElo "1825"]
[PlyCount "47"]
[EventDate "2016.??.??"]
[WhiteTeam "SC Bayer Leverkusen"]
[BlackTeam "SC Bayer Leverkusen"]

1. c4 e5 2. Nc3 Nf6 3. g3 d5 4. cxd5 Nxd5 5. Bg2 Nb6 6. d3 Be7 7. Nf3 Nc6 8.
O-O O-O 9. b3 Be6 10. Bb2 f6 11. Rc1 Qd7 12. Qd2 Rad8 13. Rfd1 Bb4 14. Qc2 Bxc3
15. Bxc3 Nd5 16. Bd2 Rf7 17. Qc5 a6 18. b4 Nb6 19. Qc2 Bd5 20. Ne1 Nd4 21. Bxd5
Nxd5 22. Qc4 Nxe2+ 23. Kg2 Nxc1 24. Bxc1 0-1

[Event "14. Bayer Open"]
[Site "Leverkusen"]
[Date "2016.02.29"]
[Round "5.23"]
[White "Hertling, Jürgen"]
[Black "Scharff, Klaus"]
[Result "1/2-1/2"]
[WhiteElo "1645"]
[BlackElo "1863"]
[PlyCount "107"]
[EventDate "2016.??.??"]
[WhiteTeam "SF Köln-Mülheim"]
[BlackTeam "SV Opladen"]

1. d4 Nf6 2. c4 g6 3. Nc3 Bg7 4. e4 d6 5. Nf3 Nbd7 6. Be2 e5 7. Bg5 h6 8. dxe5
dxe5 9. Bh4 c6 10. O-O g5 11. Bg3 Nh5 12. Bxe5 Bxe5 13. Nxe5 Nf4 14. Nxd7 Bxd7
15. Bg4 f5 16. Qd4 O-O 17. Rfd1 fxg4 18. Qxd7 Qxd7 19. Rxd7 Rf7 20. Rad1 h5 21.
f3 gxf3 22. Rxf7 Kxf7 23. gxf3 Ke6 24. Kf2 Rf8 25. Ne2 g4 26. Nxf4+ Rxf4 27.
Rd3 Ke5 28. h3 gxf3 29. Re3 Rxe4 30. Kxf3 Rxe3+ 31. Kxe3 c5 32. h4 a6 33. a3 b5
34. cxb5 axb5 35. b3 Kd5 36. Kd3 Kc6 37. a4 c4+ 38. bxc4 bxa4 39. Kd4 Kb6 40.
c5+ Kb5 41. Kd5 a3 42. c6 a2 $2 $11 (42... Kb6 $3 43. Kd6 a2 44. c7 a1=Q 45.
c8=Q Qd4+ 46. Ke7 $19) 43. c7 a1=Q 44. c8=Q Qh1+ 45. Ke5 Qh2+ 46. Ke4 Qxh4+ 47.
Kf3 Qh1+ 48. Kf2 Qh2+ 49. Kf3 Qe5 50. Qb7+ Kc5 51. Qa7+ Kc6 52. Qa6+ Kd7 53.
Qb7+ Kd8 54. Qe4 1/2-1/2

[Event "14. Bayer Open"]
[Site "Leverkusen"]
[Date "2016.02.29"]
[Round "5.25"]
[White "Hoffmann, Michael"]
[Black "Birnkott, Manfred"]
[Result "0-1"]
[WhiteElo "1698"]
[BlackElo "1904"]
[PlyCount "76"]
[EventDate "2016.??.??"]
[WhiteTeam "SG Neuss"]
[BlackTeam "SC Bayer Leverkusen"]

1. d4 d5 2. c4 e6 3. Nc3 Nf6 4. cxd5 exd5 5. e3 c6 6. Bd3 Bd6 7. Nf3 O-O 8. Qc2
Re8 9. h3 Qe7 10. a3 Ne4 11. b4 Bf5 12. b5 Nd7 13. bxc6 bxc6 14. Na4 Rac8 15.
Qe2 Rc7 16. O-O c5 17. dxc5 Ndxc5 18. Nxc5 Bxc5 19. Bb2 Bd6 20. a4 Bg6 21. Bb5
Rec8 22. Bd3 Bh5 23. Rfd1 Nc3 24. Bxc3 Rxc3 25. g4 Bg6 26. Bxg6 hxg6 27. Rxd5
Rc2 28. Rd2 R2c7 29. Rad1 Bb4 30. Rd4 a5 31. Qb5 Qf6 32. Rf4 Qb2 33. Rd7 Rc1+
34. Kg2 R1c2 35. Ng5 R2c5 36. Qb7 Bc3 37. Rfxf7 $4 (37. Rd8+ $3 Rxd8 38. Qxf7+
Kh8 39. Qf8+ Rxf8 40. Rxf8#) 37... Qxb7+ 38. Rxb7 Rxg5 0-1

[Event "14. Bayer Open"]
[Site "Leverkusen"]
[Date "2016.02.29"]
[Round "5.26"]
[White "Vranidis, Georgios"]
[Black "Elshani, Shaip"]
[Result "1-0"]
[WhiteElo "1835"]
[BlackElo "1582"]
[PlyCount "103"]
[EventDate "2016.??.??"]
[WhiteTeam "SC Solingen 28"]
[BlackTeam "SC Bayer Leverkusen"]

1. e4 c5 2. Nc3 Nc6 3. Bb5 Nd4 4. Bc4 e6 5. Nge2 a6 6. a4 Bd6 7. Nxd4 cxd4 8.
Ne2 Nf6 9. d3 Qc7 10. f4 Nxe4 11. dxe4 Qxc4 12. Qxd4 Qxd4 13. Nxd4 O-O 14. c3
b6 15. O-O Bb7 16. Re1 Rac8 17. e5 Bc5 18. Be3 Bxd4 19. Bxd4 b5 20. Kf2 bxa4
21. Rxa4 Rc6 22. Rb4 Bc8 23. Ke3 f5 24. Ra1 h6 25. Rb8 g5 26. g3 Kf7 27. Ra5
Re8 28. Rc5 Rxc5 29. Bxc5 Rg8 30. Kd4 gxf4 31. gxf4 Kg6 32. b4 Kh5 33. c4 Kg4
34. b5 axb5 35. cxb5 Kxf4 36. b6 Kf3 37. h3 Kg3 38. b7 Bxb7 39. Rxg8+ Kxh3 40.
Ke3 h5 41. Kf4 Bc6 42. Rh8 Kg2 43. Rxh5 Kf1 44. Rh2 Ke1 45. Ke3 Kd1 46. Bb4 Bb5
47. Kd4 Bc6 48. Kc5 f4 49. Kd6 f3 50. Bc5 Ke1 51. Rh7 f2 52. Bxf2+ 1-0

[Event "14. Bayer Open"]
[Site "Leverkusen"]
[Date "2016.02.29"]
[Round "5.27"]
[White "Kronseder, Michael"]
[Black "Pützkaul, Karl"]
[Result "1/2-1/2"]
[WhiteElo "1685"]
[BlackElo "1695"]
[PlyCount "39"]
[EventDate "2016.??.??"]
[WhiteTeam "SV Hürth-Berrenrath"]
[BlackTeam "SC Bayer Leverkusen"]

1. e4 e6 2. d4 d5 3. e5 c5 4. Be3 cxd4 5. Bxd4 Nc6 6. c4 Qc7 7. Nf3 Nge7 8. Bd3
Ng6 9. Bxg6 hxg6 10. Na3 a6 11. Nc2 Be7 12. Ne3 Bd7 13. a4 Rc8 14. Qd2 Na5 15.
Qd1 Nxc4 16. Qe2 Nxe3 17. Qxe3 Qc4 18. Nd2 Qc7 19. Nf3 Qc4 20. Nd2 1/2-1/2

[Event "14. Bayer Open"]
[Site "Leverkusen"]
[Date "2016.02.29"]
[Round "5.29"]
[White "Alexopoulos, Spiros Orestis"]
[Black "Hegmann, Werner"]
[Result "1-0"]
[WhiteElo "1859"]
[BlackElo "1551"]
[PlyCount "114"]
[EventDate "2016.??.??"]
[WhiteTeam "Aachener SV"]
[BlackTeam "SV Opladen"]

1. c4 c5 2. g3 e5 3. Bg2 Ne7 4. Nc3 Nbc6 5. d3 d6 6. e4 g6 7. Bg5 Bg7 8. Nd5
Qa5+ 9. Bd2 Qd8 10. Ne2 Nxd5 11. cxd5 Nd4 12. Nxd4 cxd4 13. O-O O-O 14. f4 f6
15. b4 b6 16. Qb3 Bb7 17. Rac1 a6 18. a4 Qd7 19. Rc2 Rac8 20. Rfc1 Kh8 21. b5
Rxc2 22. Rxc2 a5 23. Bc1 Rc8 24. Rc4 Rxc4 25. Qxc4 Qc8 26. Qxc8+ Bxc8 27. fxe5
dxe5 28. Ba3 Kg8 29. Be7 Kf7 30. Bd8 Bf8 31. Bxb6 Bb4 32. Bf3 Ke8 33. Bc7 Kd7
34. d6 Bxd6 35. Bxa5 Ke6 36. Bd1 f5 37. Bb3+ Ke7 38. Bd5 fxe4 39. Bxe4 Bf5 40.
Bxf5 gxf5 41. Bb6 Kd7 42. Kf2 Kc8 43. Kf3 h5 44. a5 Be7 45. h3 Bf6 46. Bc5 Bd8
47. a6 Kc7 48. a7 Kb7 49. Bd6 Bf6 50. g4 fxg4+ 51. hxg4 hxg4+ 52. Kxg4 Kxa7 53.
Kf5 Bh8 54. Bxe5 Bxe5 55. Kxe5 Kb6 56. Kxd4 Kxb5 57. Kd5 Kb6 1-0

[Event "14. Bayer Open"]
[Site "Leverkusen"]
[Date "2016.02.29"]
[Round "5.31"]
[White "Kopernok, Ingo"]
[Black "Kamphausen, Johannes-Dieter"]
[Result "0-1"]
[WhiteElo "1341"]
[BlackElo "1729"]
[PlyCount "22"]
[EventDate "2016.??.??"]
[WhiteTeam "SG Solingen"]
[BlackTeam "SV Springer Hitdorf"]

1. d4 Nf6 2. Bf4 c5 3. Nf3 cxd4 4. Nxd4 e5 5. Bxe5 Qa5+ 6. Nc3 Qxe5 7. e3 a6 8.
Qf3 Nc6 9. Nxc6 dxc6 10. h3 Bb4 11. e4 Nxe4 0-1

[Event "14. Bayer Open"]
[Site "Leverkusen"]
[Date "2016.02.29"]
[Round "5.32"]
[White "Maczkowiak, Thomas"]
[Black "Skiber, Friedel"]
[Result "1/2-1/2"]
[WhiteElo "1773"]
[BlackElo "1499"]
[PlyCount "33"]
[EventDate "2016.??.??"]
[WhiteTeam "MS Halver-Schalksmühle"]
[BlackTeam "SG Solingen"]

1. d4 g6 2. Nf3 Bg7 3. Bf4 c5 4. c3 cxd4 5. cxd4 e6 6. e3 Ne7 7. Bd3 Nbc6 8.
Nc3 a6 9. O-O O-O 10. Rc1 b5 11. Ne4 Nd5 12. Bg3 f5 13. Nc5 Ncb4 14. Bb1 d6 15.
Nd3 Bb7 16. a3 Nc6 17. Qd2 1/2-1/2

[Event "14. Bayer Open"]
[Site "Leverkusen"]
[Date "2016.02.29"]
[Round "5.33"]
[White "Janssen, Wolfgang"]
[Black "Witte, Volker"]
[Result "1/2-1/2"]
[WhiteElo "1588"]
[BlackElo "1685"]
[PlyCount "101"]
[EventDate "2016.??.??"]
[WhiteTeam "SV Dormagen"]
[BlackTeam "SF Schlebusch"]

1. e4 c6 2. d3 d5 3. Nd2 g6 4. Ngf3 Bg7 5. g3 Bg4 6. Bg2 dxe4 7. dxe4 Nf6 8.
O-O O-O 9. Qe2 Nbd7 10. h3 Bxf3 11. Nxf3 e5 12. Rd1 Qc7 13. b4 a5 14. c3 axb4
15. cxb4 Nb6 16. Be3 Na4 17. Qc2 Nd7 18. Rac1 Ra6 19. Bf1 Raa8 20. Bc4 Kh8 21.
Bb3 Nab6 22. a4 Nf6 23. Bc5 Rfd8 24. a5 Nbd7 25. Bd6 Qc8 26. Ng5 h6 27. Nxf7+
Kh7 28. Nxd8 Qxd8 29. Bxe5 Qe8 30. Bb2 Qe7 31. Qc4 Ne5 32. Bxe5 Qxe5 33. Qe6
Qb5 34. Bc4 Qh5 35. Kg2 Re8 36. Qf7 Rxe4 37. Rd6 Qe5 38. Re6 Qd4 39. Rxe4 Qxe4+
40. Kg1 Qf5 41. Qe6 Qf3 42. Be2 Qa3 43. Rd1 Qxb4 44. Rd8 Qxa5 45. Qe7 Qe1+ 46.
Kg2 h5 47. Rd1 Qc3 48. Qxb7 Qc2 49. Bf3 Ne4 50. Rf1 Nd2 51. Qxc6 1/2-1/2

[Event "14. Bayer Open"]
[Site "Leverkusen"]
[Date "2016.02.29"]
[Round "5.34"]
[White "Yon, Gregory"]
[Black "Pyrowicz, Jacek"]
[Result "1-0"]
[WhiteElo "1426"]
[BlackElo "1827"]
[PlyCount "63"]
[EventDate "2016.??.??"]
[WhiteTeam "Bergische SF"]
[BlackTeam "SV Wermelskirchen"]

1. e4 c5 2. Nc3 Nc6 3. f4 g6 4. Nf3 Bg7 5. Bb5 Nd4 6. O-O e6 7. d3 Ne7 8. Nxd4
cxd4 9. Ne2 a6 10. Ba4 b5 11. Bb3 d6 12. Qe1 O-O 13. g4 Kh8 14. Qh4 f5 15. g5
Nc6 16. Rf3 h5 17. Ng3 Qe8 18. Bd2 a5 19. a4 b4 20. exf5 exf5 21. Nxh5 gxh5 22.
Rh3 Be5 23. Qxh5+ Qxh5 24. Rxh5+ Kg7 25. fxe5 dxe5 26. g6 Ra7 27. Bf7 Raxf7 28.
gxf7 Rxf7 29. Kf2 Ne7 30. Rg1+ Ng6 31. Bh6+ Kh7 32. Bf4+ 1-0

[Event "14. Bayer Open"]
[Site "Leverkusen"]
[Date "2016.02.29"]
[Round "5.35"]
[White "Bießner, Eberhard"]
[Black "Rist, Kurt"]
[Result "0-1"]
[WhiteElo "1719"]
[BlackElo "1450"]
[PlyCount "118"]
[EventDate "2016.??.??"]
[WhiteTeam "Rheydter SV"]
[BlackTeam "SG Solingen"]

1. e4 c5 2. Nf3 Nc6 3. d4 cxd4 4. Nxd4 g6 5. Be3 Bg7 6. c3 Nf6 7. Nd2 d5 8. Bb5
Bd7 9. Qa4 Qc7 10. f3 O-O 11. Nxc6 bxc6 12. Bd3 c5 13. Qa3 c4 14. Bc2 Rfb8 15.
Rb1 Rb5 16. b4 dxe4 17. fxe4 Rh5 18. Nf1 Bc6 19. Bd1 Rh4 20. Bf3 Nxe4 21. Rc1
Qe5 22. Bd4 Qe6 23. Bxg7 Nc5+ 24. Kd2 Bxf3 25. gxf3 Rd8+ 26. Bd4 Rdxd4+ 27.
cxd4 Rxd4+ 28. Kc2 Qf5+ 29. Kb2 Nd3+ 30. Ka1 Qxf3 31. Ng3 Qf6 32. Rb1 Rf4+ 33.
Rb2 Rf2 34. Rhb1 Rc2 35. b5 Nxb2 36. Qxb2 Rxb2 37. Rxb2 c3 38. Rc2 Qd4 39. Kb1
Qd1+ 40. Rc1 Qd3+ 41. Rc2 Qxb5+ 42. Kc1 Qe5 43. Re2 Qc5 44. Ne4 Qa3+ 45. Kb1 f5
46. Nf2 e5 47. Nd1 e4 48. Rc2 Qb4+ 49. Kc1 Qa3+ 50. Kb1 f4 51. Nxc3 Qb4+ 52.
Kc1 e3 53. Nd5 Qe1+ 54. Kb2 f3 55. Rc8+ Kg7 56. Rc7+ Kh6 57. Nf6 Qd2+ 58. Kb3
Qd3+ 59. Ka4 Qd4+ 0-1

[Event "14. Bayer Open"]
[Site "Leverkusen"]
[Date "2016.02.29"]
[Round "5.36"]
[White "Linke, Michael"]
[Black "Pfister, Jürgen"]
[Result "1-0"]
[WhiteElo "1792"]
[BlackElo "1240"]
[PlyCount "35"]
[EventDate "2016.??.??"]
[WhiteTeam "Ford SF Köln"]
[BlackTeam "SF Düsseldorf-Süd"]

1. e4 c5 2. d4 cxd4 3. c3 dxc3 4. Nxc3 e6 5. Nf3 a6 6. Bc4 Nc6 7. O-O b5 8. Bb3
Bb7 9. Bf4 d6 10. Qe2 Qf6 11. Qd2 Qd8 12. Rad1 e5 13. Be3 Na5 14. Bd5 Nc4 15.
Bxc4 bxc4 16. Nd5 Bxd5 17. Qxd5 Qc7 18. Qxa8+ 1-0

[Event "14. Bayer Open"]
[Site "Leverkusen"]
[Date "2016.02.29"]
[Round "5.38"]
[White "Haverkamp, Klaus"]
[Black "Kayser, Manfred"]
[Result "1-0"]
[WhiteElo "1927"]
[BlackElo "1501"]
[PlyCount "55"]
[EventDate "2016.??.??"]
[WhiteTeam "SV Herzogenrath"]
[BlackTeam "Königsspringer Leverkusen"]

1. e4 e5 2. Nf3 d6 3. d4 exd4 4. Nxd4 Nf6 5. Nc3 Be7 6. Be2 O-O 7. O-O c5 8.
Nf5 Bxf5 9. exf5 Nbd7 10. Bf4 Ne5 11. Nd5 Nxd5 12. Qxd5 Qc7 13. Rfe1 Rad8 14.
Rad1 Qb6 15. Bc1 Bf6 16. c3 Qc6 17. f4 Qxd5 18. Rxd5 Nc6 19. Red1 Ne7 20. Rxd6
Rxd6 21. Rxd6 Nxf5 22. Rd5 Re8 23. Kf2 g6 24. Rxc5 Nd6 25. Rc7 a6 26. Rd7 Re6
27. Bf3 b5 28. Bd5 1-0

[Event "14. Bayer Open"]
[Site "Leverkusen"]
[Date "2016.02.29"]
[Round "5.39"]
[White "Balduan, Karl-Heinz"]
[Black "Axmann, Michael"]
[Result "0-1"]
[WhiteElo "1496"]
[BlackElo "1741"]
[PlyCount "90"]
[EventDate "2016.??.??"]
[WhiteTeam "Königsspringer Leverkusen"]
[BlackTeam "SC Bayer Leverkusen"]

1. d4 d5 2. Bf4 Nf6 3. Nf3 c5 4. c3 e6 5. e3 Nc6 6. Bd3 Bd6 7. Bg5 Bd7 8. Nbd2
b6 9. O-O O-O 10. Qc2 h6 11. Bh4 Rc8 12. a3 Re8 13. e4 cxd4 14. exd5 exd5 15.
c4 dxc4 16. Qxc4 Bg4 17. Rfe1 Rxe1+ 18. Rxe1 Bxf3 19. Nxf3 Ne5 20. Bxf6 gxf6
21. Qa6 Nxf3+ 22. gxf3 Qc7 23. Kg2 Kh8 24. h3 Rg8+ 25. Kh1 Qc6 26. Be4 Qd7 27.
Qf1 Rg5 28. f4 Bxf4 29. Bg2 d3 30. Re4 d2 31. Qd1 Qd6 32. Bf3 Qc7 33. Qa4 Qc1+
34. Bd1 Be5 35. f4 Rf5 36. Kg2 Bxb2 37. Re8+ Kg7 38. Bc2 Rh5 39. Qb3 Qe1 40.
Bd1 Qxe8 41. Bxh5 Bd4 42. Qd5 Be3 43. Qc4 Qd7 44. f5 d1=Q 45. Qg4+ Qxg4+ 0-1

[Event "14. Bayer Open"]
[Site "Leverkusen"]
[Date "2016.02.29"]
[Round "5.40"]
[White "Kreutzmann, Duke"]
[Black "Müller, Horst"]
[Result "1-0"]
[WhiteElo "1723"]
[BlackElo "1487"]
[PlyCount "41"]
[EventDate "2016.??.??"]
[WhiteTeam "Düsseldorfer SK"]
[BlackTeam "SV Springer Hitdorf"]

1. d4 Nf6 2. Nf3 g6 3. Nbd2 Bg7 4. e4 d6 5. Bd3 Nbd7 6. O-O O-O 7. Qe2 e5 8.
dxe5 dxe5 9. Nc4 Ne8 10. Bg5 f6 11. Be3 c5 12. a4 Qc7 13. Rfd1 Nb8 14. c3 Be6
15. Rd2 Rf7 16. Ncxe5 fxe5 17. Ng5 Re7 18. Nxe6 Qc8 19. Ng5 Nd6 20. Bc4+ Kh8
21. Rxd6 1-0

[Event "14. Bayer Open"]
[Site "Leverkusen"]
[Date "2016.02.29"]
[Round "5.41"]
[White "Gülden, Ralf"]
[Black "van Kempen, Susanne"]
[Result "1/2-1/2"]
[WhiteElo "1564"]
[BlackElo "1463"]
[PlyCount "36"]
[EventDate "2016.??.??"]
[WhiteTeam "Königsspringer Leverkusen"]
[BlackTeam "SV Opladen"]

1. d4 Nf6 2. c4 e6 3. Nc3 Bb4 4. a3 Bxc3+ 5. bxc3 O-O 6. Nf3 b6 7. Bg5 d5 8.
cxd5 exd5 9. e3 h6 10. Bh4 Qd6 11. Bg3 Qc6 12. Rc1 Ba6 13. Ne5 Qb7 14. Bd3 Bxd3
15. Qxd3 Nbd7 16. Nxd7 Nxd7 17. O-O c5 18. c4 cxd4 1/2-1/2

[Event "14. Bayer Open"]
[Site "Leverkusen"]
[Date "2016.02.29"]
[Round "5.43"]
[White "Stuch, Hans-Ferdinand"]
[Black "Haag, Helmut"]
[Result "1-0"]
[WhiteElo "1659"]
[BlackElo "1394"]
[PlyCount "59"]
[EventDate "2016.??.??"]
[WhiteTeam "SC Bonn Beuel"]
[BlackTeam "Langenfelder SF"]

1. d4 d5 2. c4 Nf6 3. Nc3 e6 4. Bg5 Be7 5. e3 O-O 6. Nf3 c6 7. Qc2 b6 8. cxd5
cxd5 9. Ne5 Ba6 10. Bxa6 Nxa6 11. Nc6 Qd7 12. Nxe7+ Qxe7 13. Qe2 Nc7 14. O-O
Nce8 15. Rfc1 Qd7 16. Rc2 Ne4 17. Nxe4 dxe4 18. Rac1 f6 19. Bf4 Qd5 20. Qc4 f5
21. Qxd5 exd5 22. Be5 Nf6 23. Rc7 Rf7 24. Rc8+ Rf8 25. Rxa8 Rxa8 26. Bxf6 gxf6
27. Rc7 a6 28. Kf1 Rb8 29. Ke2 a5 30. Rd7 1-0

[Event "14. Bayer Open"]
[Site "Leverkusen"]
[Date "2016.02.29"]
[Round "5.44"]
[White "Klees, Robert"]
[Black "Meyer zu Kniendorf, Jochen"]
[Result "1/2-1/2"]
[WhiteElo "1349"]
[BlackElo "1483"]
[PlyCount "40"]
[EventDate "2016.??.??"]
[WhiteTeam "SF Düsseldorf-Süd"]
[BlackTeam "Düsseldorfer SK"]

1. d4 g6 2. c4 Bg7 3. Nf3 d6 4. e4 Bg4 5. Be2 Nc6 6. d5 Bxf3 7. dxc6 Bxe2 8.
Qxe2 bxc6 9. O-O e6 10. Nc3 Ne7 11. f4 O-O 12. e5 Qb8 13. Rb1 Rd8 14. Rd1 Bf8
15. b4 d5 16. c5 a6 17. a4 Qc8 18. Be3 Qd7 19. Ne4 Bg7 20. Bf2 Rf8 1/2-1/2

[Event "14. Bayer Open"]
[Site "Leverkusen"]
[Date "2016.02.29"]
[Round "5.45"]
[White "Asadzade, Idris"]
[Black "Holz, Peter"]
[Result "1-0"]
[WhiteElo "1654"]
[BlackElo "1306"]
[PlyCount "87"]
[EventDate "2016.??.??"]
[WhiteTeam "Königsspringer Leverkusen"]
[BlackTeam "Pulheimer SC"]

1. Nf3 b6 2. c4 e6 3. g3 Bb7 4. Bg2 Nf6 5. d4 h6 6. O-O c5 7. Nc3 cxd4 8. Nxd4
Bxg2 9. Kxg2 Bc5 10. Nb3 Be7 11. Bf4 Nc6 12. Nd4 Nxd4 13. Qxd4 Bc5 14. Qd3 Nh5
15. Bd6 Bxd6 16. Qxd6 Qb8 17. Qxb8+ Rxb8 18. Nb5 a6 19. Nc7+ Ke7 20. Nxa6 Rb7
21. Nb4 Rc8 22. Rfc1 Rbc7 23. b3 Rc5 24. Nd3 Ra5 25. a4 Nf6 26. b4 Raa8 27. a5
Ra6 28. axb6 Rxb6 29. Ra7 Ne8 30. c5 Rbc6 31. b5 R6c7 32. Rca1 Kd8 33. b6 Rxa7
34. Rxa7 f6 35. Nb4 Rxc5 36. Ra8+ Ke7 37. b7 Nc7 38. b8=Q Nxa8 39. Qxa8 Rb5 40.
Nd3 Rd5 41. Qg8 Rg5 42. f4 Rg6 43. h4 h5 44. Qh7 1-0